Experimental study on wave interaction with pile-supported horizontal and inclined plate breakwater having vessel mooring facilities (Record no. 45637)

000 -LEADER
fixed length control field 00565nam a22001697a 4500
001 - CONTROL NUMBER
control field 45637
003 - CONTROL NUMBER IDENTIFIER
control field BD-DhUET
008 - FIXED-LENGTH DATA ELEMENTS--GENERAL INFORMATION
fixed length control field 260329b xxu||||| |||| 00| 0 eng d
040 ## - CATALOGING SOURCE
Transcribing agency 0
Modifying agency BD-DhUET
100 ## - MAIN ENTRY--PERSONAL NAME
Personal name Ashraful Islam, Md.
245 ## - TITLE STATEMENT
Title Experimental study on wave interaction with pile-supported horizontal and inclined plate breakwater having vessel mooring facilities
260 ## - PUBLICATION, DISTRIBUTION, ETC. (IMPRINT)
Place of publication, distribution, etc. Dhaka
Name of publisher, distributor, etc. Department of Water Resources Engineering, BUET
Date of publication, distribution, etc. 2025
300 ## - PHYSICAL DESCRIPTION
Extent xvii,124p.
501 ## - WITH NOTE
With note One CD-ROM
504 ## - BIBLIOGRAPHY, ETC. NOTE
Bibliography, etc Includes bibliographies
942 ## - ADDED ENTRY ELEMENTS (KOHA)
Koha item type Thesis
Holdings
Date acquired Withdrawn status Copy number Not for loan Damaged status Koha item type Koha date last seen Shelving location Source of classification or shelving scheme Sublocation or collection (holding branch) Location (home branch) Price effective from Piece designation (barcode) Lost status
2026-02-18 1  Thesis2026-03-29Acquisition section Central Library, BUETCentral Library, BUET2026-03-29120999